000 00741nam a2200217Ia 4500
005 20240530101938.0
008 140319s1993 xx 000 0 ara d
040 _aGCL /
_cGCL
082 0 4 _a811.009962 /
_bع ن
100 1 _aعلى يونس
245 1 0 _aنظرة جديدة فى موسيقى الشعر العربى /
_cعلى يونس
260 _aالقاهرة :
_bالهيئة المصرية العامة للكتاب،
_c1993
300 _a258ص ؛
_c24 سم
490 _aدراسات ادبية
_v0
650 0 4 _aالشعر العربى
650 0 4 _aالادب العربى
650 0 4 _aالعصر الحديث
650 0 4 _aتاريخ ونقد
942 _2ddc
_cBK
999 _c28910
_d28910